UBT Library

Advocates in action : (Record no. 44606)

000 -LEADER
fixed length control field 00831cam a2200277 a 4500
001 - CONTROL NUMBER
control field 12591837
005 - DATE AND TIME OF LATEST TRANSACTION
control field 20180309075857.0
008 - FIXED-LENGTH DATA ELEMENTS--GENERAL INFORMATION
fixed length control field 011116s2002 dcua b 000 0 eng d
010 ## - LIBRARY OF CONGRESS CONTROL NUMBER
LC control number 2001098593
020 ## - INTERNATIONAL STANDARD BOOK NUMBER
International Standard Book Number 1928896014
035 ## - SYSTEM CONTROL NUMBER
System control number (OCoLC)ocm48881699
040 ## - CATALOGING SOURCE
Original cataloging agency LEY
Transcribing agency LEY
Modifying agency UV$
-- DLC
041 ## - LANGUAGE CODE
Language code of text/sound track or separate title eng
042 ## - AUTHENTICATION CODE
Authentication code lccopycat
043 ## - GEOGRAPHIC AREA CODE
Geographic area code n-us---
080 ## - UNIVERSAL DECIMAL CLASSIFICATION NUMBER
Universal Decimal Classification number 616-053.2 ROB
082 ## - DEWEY DECIMAL CLASSIFICATION NUMBER
Classification number 616-053.2 ROB
100 1# - Rafti
Rafti 8
101 ## - Shkurtesa
Shkurtesa PED
245 10 - TITLE STATEMENT
Title Advocates in action :
Statement of responsibility, etc Adele Robinson and Deborah R. Stark.
504 ## - BIBLIOGRAPHY, ETC. NOTE
Bibliography, etc Includes bibliograhical references.
906 ## - LOCAL DATA ELEMENT F, LDF (RLIN)
a 7
b cbc
c copycat
d 2
e ncip
f 20
g y-gencatlg
942 ## - ADDED ENTRY ELEMENTS (KOHA)
Source of classification or shelving scheme
Item type Books
Holdings
Withdrawn status Lost status Source of classification or shelving scheme Damaged status Not for loan Collection code Permanent location Current location Shelving location Date acquired Total Checkouts Full call number Barcode Date last seen Price effective from Koha item type
          Koleksioni i përgjithshem UBT - Lipjan UBT - Lipjan Koleksioni i përgjithshem 03/09/2018   616-053.2 ROB 002-3001473 03/09/2018 03/09/2018 Books
UBT Library © 2015-2024. All rights reserved University Education for Business and Technology